000 00708nam a22001337a 4500
040 _cRUA
082 _aAVM MON 2018 B658 Or.1
100 _aMON CHANTRA ម៉ុន​ ចាន់ត្រា
245 _aparasites toxocara vitulorum in calves at char commune, preykabas district, atkeo province បរាសិត​ toxocara vitulorum នៅក្នុងក្រពះពោះវៀនកូនគោ នៅឃុំចារស្រុក​ ព្រៃកប្បាស​​​ ខេត្តតាកែង
260 _arua
_bphnom penh
_c2018
300 _ax;35p
_bill;
_c29cm
856 _uhttps://drive.google.com/file/d/1_rtncy-NE5M55EFLWgIS2v97RCkoC1SC/view?usp=sharing
942 _cAVM
999 _c18925
_d18925